000 00573nam a2200193 a 4500
005 20210223120409.0
008 991125s1974 mx 000 0 spa u
035 _aUPN01000000138
049 _aCG
050 4 _aHX312
_bT7.2
100 1 _aTrotski, Lev Davidic Bronstein,
_d1879-1940
_929454
245 1 1 _a¿A dónde va Rusia? :
_bnuevo rumbo /
_cLeón Trotsky.
260 _aMéxico :
_bJ. Pablos,
_c1974.
300 _a265 p.
440 0 _aObras de León Trotsky ;
_v19
651 4 _aRUSIA -
_xPOLITICA ECONOMICA
651 4 _aRUSIA -
_xHISTORIA -
_y1925-1953
905 _aLibro
999 _c138
_d138